LEADER 01015nas 2200361 450 001 990003485420203316 005 20110127153247.0 011 $a0031-8965 035 $a000348542 035 $aUSA01000348542 035 $a(ALEPH)000348542USA01 035 $a000348542 100 $a20110118a----9999km-y-itay50------ba 101 0 $ager 102 $aDE 110 $aafazz--|||| 200 1 $aPhysica status solidi. A, applied research 210 $aBerlin$cWiley 215 $av.$cill.$d26 cm 300 $aComincia nel 1970 300 $aDescrizione basata su: Vol.134, n.1(1992) 326 $aMensile 606 0 $aSolidi$xPeriodici$2BNCF 676 $a530.4105 801 0$aIT$bsalbc$gISBD 912 $a990003485420203316 958 $aSCI$bPER IV$c1977-1979;1981-1992; 959 $aSE 979 $aMANCUSO$b90$c20110118$lUSA01$h1424 979 $aMANCUSO$b90$c20110118$lUSA01$h1426 979 $aMANCUSO$b90$c20110127$lUSA01$h1532 996 $aPhysica status solidi. A$9255704 997 $aUNISA LEADER 01141nam0 2200313 450 001 000039183 005 20141105152329.0 010 $a0-415-21753-9 100 $a20141020d1999----km-y0itaa50------ba 101 0 $aeng 102 $aGB 200 1 $aTiberius the politician$fBarbara Levick 205 $aRevised ed. 210 $aLondon ; New York$cRoutledge$d1999 215 $aXVI, 328 p.$d22 cm 225 2 $aAncient history 410 0$12001$aAncient history 600 1$aTiberio,$bClaudio Nerone, imperatore 676 $a937.0709$v(22 ed.)$9Penisola italiana e territori limitrofi. Primo periodo e periodo intermedio, 31 a.C.-284. Storia, geografia, persone 700 1$aLevick,$bBarbara$0152144 801 0$aIT$bUniversità della Basilicata - B.I.A.$gREICAT$2unimarc 912 $a000039183 996 $aTiberius the politician$9100427 997 $aUNIBAS BAS $aLETTERE CAT $aEXT017$b01$c20141020$lBAS01$h0947 CAT $aMDL$b30$c20141105$lBAS01$h1523 FMT Z30 -1$lBAS01$LBAS01$mBOOK$1BASA1$APolo Storico-Umanistico$2DID$BDidattica$3FM/112629$6112629$5L112629$820141020$f04$FPrestabile Didattica LEADER 01198nlm 22003133 450 001 996488872503316 005 20220929100539.0 010 $a978-3-11-242256-4 100 $a20220406d2021---- uy 0 101 0 $ager 102 $aDE 105 $ay 00 y 135 $adrcnu 200 1 $aGedanken an Deutschland Im Exil und Andere Themen$fedited by Thomas Koebner... [et al.] 210 1 $aBerlin/Boston :$cWalter de Gruyter GmbH,$d2021 215 $aTesto elettronico (PDF) (400 pages) 225 2 $aExilforschung$v3 230 $aBase dati testuale 330 $aL'annuario interdisciplinare è dedicato alla ricerca delle condizioni, delle manifestazioni e delle riflessioni culturali dell'esilio. Il tema centrale della fuga e dell'esilio come risultato della dittatura nazionalsocialista è combinato con la ricerca su altri esiliati, compresi quelli attuali. 410 0$aExilforschung 606 0 $aEsilio$2BNCF 701 1$aet al$bet$01217712 702 1$aKOEBNER,$bThomas 801 0$aIT$bcba$cREICAT$gREICAT 912 $a996488872503316 959 $aEB 969 $aER 996 $aGedanken an Deutschland Im Exil und Andere Themen$92915278 997 $aUNISA